Zunehmende Wochenendarbeit in industriellen Bereichen in der Bundesrepublik Deutschland Inaugural - Dissertation
Uložené v:
| Hlavný autor: | |
|---|---|
| Médium: | Kniha |
| Jazyk: | German |
| Vydavateľské údaje: |
Frankfurt am Main
Johan Wolfgang Goethe Universität
1991
|
| Vydanie: | 1. Aufl. |
| Tagy: |
Žiadne tagy, Buďte prvý, kto otaguje tento záznam!
|
MARC
| LEADER | 00000nam a2200000 4500 | ||
|---|---|---|---|
| 001 | c034439 | ||
| 005 | 20221214095507.8 | ||
| 041 | 0 | |a ger | |
| 044 | |a DE | ||
| 245 | 1 | 0 | |a Zunehmende Wochenendarbeit in industriellen Bereichen in der Bundesrepublik Deutschland |b Inaugural - Dissertation |c Kim Sangdai |
| 250 | |a 1. Aufl. | ||
| 264 | 1 | |a Frankfurt am Main |b Johan Wolfgang Goethe Universität |c 1991 | |
| 300 | |a 173 s. | ||
| 100 | 1 | |a Sangdai, Kim | |